00842nam a2200253Ia 4500001000800000003000900008040003900017008004100056260012500097650004100222650003600263650002600299650003800325650002100363650002100384650002100405650002300426650002100449008005900470951002200529942001200551001000800563999001700571T232770DR-UNIBE aBIBLIOTECA UNIBEcBIBLIOTECA UNIBE050707s2015 dr spa d aSanto Domingo, República Dominicana :c050707s2015 dr spa dc0015 dr  aRefugiados x-República Dominicana aRefugiados x-Situación legal aDerecho internacional aDerecho internacional humanitario aDerechos humanos aDerecho de asilo aTutela (Derecho) aAcción de tutela aDerechos civiles0000002015 dr 0000000000spa00 a20160621 16:18:32 cTH2ddcT232770 c34480d34480